| 000 | 01173nam a22002657a 4500 | ||
|---|---|---|---|
| 005 | 20170124102939.0 | ||
| 010 | _aB-011331 | ||
| 020 | _c400.00 | ||
| 035 | _aB-011331 | ||
| 037 | _bCen Lib/Ret | ||
| 040 |
_aDPL _bHN |
||
| 082 |
_a301.0954 _bगोयल |
||
| 100 |
_aगोयल, प्रीति प्रभा _942396 |
||
| 245 |
_aभारतीय संस्कृति / _cप्रीति प्रभा गोयल |
||
| 246 |
_aBharitya sanskriti / _bby Preeti Prabha Goyal |
||
| 260 |
_aजोधपुर _bराजस्थानी ग्रंथागार _c2000 |
||
| 270 |
_aसोजती गेट _bजोधपुर |
||
| 300 |
_av, 375पृ. _c21सेमी (सजिल्द) |
||
| 500 | _aअनुक्रमणिका शामिल | ||
| 650 |
_aभारतीय संस्कृति _947527 |
||
| 650 |
_aप्राचीन भारत में सामाजिक और धार्मिक दशा _947528 |
||
| 650 |
_aIndian Culture _93853 |
||
| 650 |
_aSocial and religious situation in ancient India _947529 |
||
| 942 |
_2ddc _cHN _h301.0954 _mगोयल |
||
| 999 |
_c112443 _d112443 |
||